[Event "BUL-chT2 64th"]
[Site "Sunny Beach"]
[Date "2015.06.01"]
[Round "2.4"]
[White "Andreev, Sasho"]
[Black "Petrov, Martin"]
[Result "0-1"]
[WhiteElo "2179"]
[BlackElo "2280"]
[PlyCount "72"]
[EventDate "2015.05.31"]
[EventType "team-swiss"]
[EventRounds "7"]
[EventCountry "BUL"]
[SourceTitle "CBM 166 Extra"]
[Source "ChessBase"]
[SourceDate "2015.06.18"]
[SourceVersion "1"]
[SourceVersionDate "2015.06.18"]
[SourceQuality "1"]
[WhiteTeam "Blagoevgrad Victory"]
[BlackTeam "Burgas 64"]
[WhiteTeamCountry "BUL"]
[BlackTeamCountry "BUL"]

1. d4 Nf6 2. Nf3 e6 3. g3 d5 4. Bg2 b5 5. 0-0 Nbd7 6. c3 Rb8 7. Nbd2 c5 8. a4 b4 9. c4 Ba6 10. cxd5 Nxd5 11. dxc5 Nxc5 12. Nd4 Rc8 13. N2b3 Nxb3 14. Qxb3 Bc4 15. Qf3 Bc5 16. Nb3 Be7 17. Rd1 Qc7 18. Bd2 0-0 19. Rab1 Rfd8 20. Be1 Qb6 21. Bf1 Nf6 22. Rxd8+ Rxd8 23. Nd2 Bd5 24. Qf4 Qc6 25. b3 Qc2 26. Qe3 Ne4 27. Qd3 Qc6 28. Qb5 Qxb5 29. axb5 Nxd2 30. Bxd2 Be4 31. Rb2 Bf6 32. Ra2 Bb1 33. Rxa7 Rxd2 34. b6 Rd8 35. e3 Be4 36. Rc7 Rb8 0-1

[Event "BUL-ch sf 77th"]
[Site "Plovdiv"]
[Date "2013.02.17"]
[Round "9"]
[White "Kolev, Atanas Tonchev"]
[Black "Andreev, Sasho"]
[Result "1/2-1/2"]
[WhiteElo "2086"]
[BlackElo "2210"]
[PlyCount "60"]
[EventDate "2013.02.11"]
[EventType "swiss (rapid)"]
[EventRounds "9"]
[EventCountry "RUS"]
[SourceTitle "CBM 152 Extra"]
[Source "ChessBase"]
[SourceDate "2013.02.25"]
[SourceVersion "1"]
[SourceVersionDate "2013.02.25"]
[SourceQuality "1"]

1. d4 d5 2. Nf3 Nf6 3. c4 c6 4. Nc3 dxc4 5. a4 Bf5 6. Ne5 Nbd7 7. Nxc4 Nb6 8. Ne5 a5 9. f3 Nfd7 10. Nd3 e6 11. e4 Bg6 12. Qb3 Bd6 13. Be3 0-0 14. Be2 Qc7 15. f4 Rfe8 16. Rc1 Bf8 17. 0-0 f5 18. e5 Bf7 19. Bf3 Qb8 20. Rfd1 Nd5 21. Nxd5 exd5 22. Bf2 Ra6 23. Rd2 Be6 24. Rdc2 Qa7 25. h3 g6 26. Kh2 Qb6 27. Qxb6 Rxb6 28. Be1 Ra6 29. Be2 Ra7 30. Bf2 Kf7 1/2-1/2

[Event "BUL-ch sf 77th"]
[Site "Plovdiv"]
[Date "2013.02.15"]
[Round "6"]
[White "Ruschukov, Boyan"]
[Black "Andreev, Sasho"]
[Result "1/2-1/2"]
[WhiteElo "1968"]
[BlackElo "2210"]
[PlyCount "77"]
[EventDate "2013.02.11"]
[EventType "swiss (rapid)"]
[EventRounds "9"]
[EventCountry "RUS"]
[SourceTitle "CBM 152 Extra"]
[Source "ChessBase"]
[SourceDate "2013.02.25"]
[SourceVersion "1"]
[SourceVersionDate "2013.02.25"]
[SourceQuality "1"]

1. d4 Nf6 2. c4 g6 3. Nc3 d5 4. cxd5 Nxd5 5. e4 Nxc3 6. bxc3 Bg7 7. Bc4 c5 8. Ne2 Nc6 9. Be3 0-0 10. 0-0 Bd7 11. h3 Qc7 12. Rc1 Rad8 13. Qe1 Na5 14. Bd3 b6 15. f4 b5 16. Qf2 Nc4 17. Bxc4 bxc4 18. d5 Rc8 19. g4 Kh8 20. Rfd1 Ba4 21. Rd2 Rfd8 22. Ng3 e6 23. dxe6 Rxd2 24. Qxd2 fxe6 25. e5 Rd8 26. Qe2 Qc6 27. Qf2 Rb8 28. Bxc5 Rb5 29. Ba3 Rd5 30. Qxa7 h6 31. Ne4 Rd3 32. Re1 Rxh3 33. Qb8+ Kh7 34. Bf8 Bc2 35. Bxg7 Kxg7 36. Qa7+ Kh8 37. Qb8+ Kg7 38. Qa7+ Kh8 39. Qb8+ 1/2-1/2

[Event "BUL-ch sf 76th"]
[Site "Plovdiv"]
[Date "2012.02.09"]
[Round "5"]
[White "Andreev, Sasho"]
[Black "Pantev, Tsvetelin"]
[Result "1/2-1/2"]
[WhiteElo "2201"]
[BlackElo "1863"]
[PlyCount "45"]
[EventDate "2012.02.06"]
[EventType "swiss"]
[EventRounds "9"]
[EventCountry "BUL"]
[SourceTitle "CBM 146 Extra"]
[Source "ChessBase"]
[SourceDate "2012.02.29"]
[SourceVersion "1"]
[SourceVersionDate "2012.02.29"]
[SourceQuality "1"]

1. e4 c6 2. d4 g6 3. h3 d5 4. e5 Bg7 5. Nf3 Na6 6. Be2 Nh6 7. 0-0 Nc7 8. Bd2 f6 9. exf6 exf6 10. Bb4 Kf7 11. c4 Re8 12. b3 Kg8 13. Nc3 Be6 14. Na4 b6 15. Rc1 Nf7 16. Bd2 Bc8 17. Re1 Ne6 18. cxd5 cxd5 19. Bb5 Bd7 20. Ba6 Bc8 21. Bb5 Bd7 22. Ba6 Bc8 23. Bb5 1/2-1/2

[Event "BUL-ch sf 76th"]
[Site "Plovdiv"]
[Date "2012.02.08"]
[Round "4"]
[White "Dimitrov, Dejan"]
[Black "Andreev, Sasho"]
[Result "1/2-1/2"]
[WhiteElo "2104"]
[BlackElo "2201"]
[PlyCount "87"]
[EventDate "2012.02.06"]
[EventType "swiss"]
[EventRounds "9"]
[EventCountry "BUL"]
[SourceTitle "CBM 146 Extra"]
[Source "ChessBase"]
[SourceDate "2012.02.29"]
[SourceVersion "1"]
[SourceVersionDate "2012.02.29"]
[SourceQuality "1"]

1. Nf3 Nf6 2. c4 b6 3. g3 Bb7 4. Bg2 e6 5. 0-0 Be7 6. Nc3 0-0 7. Re1 c5 8. e4 d6 9. d4 cxd4 10. Qxd4 Nc6 11. Qd3 Ne5 12. Nxe5 dxe5 13. Qe2 Bc5 14. Be3 Qe7 15. Red1 Bb4 16. Bd2 Rfd8 17. Rac1 Bc5 18. a3 Bd4 19. Nb5 Bc6 20. Nxd4 exd4 21. Bg5 e5 22. f3 h6 23. Bd2 Nd7 24. b4 Ba4 25. Re1 a5 26. Qd3 Bc6 27. Ra1 Ra7 28. Qb3 axb4 29. axb4 Rda8 30. Qb2 Qe6 31. Bf1 Qf6 32. Kg2 Qd8 33. Rxa7 Rxa7 34. Ra1 Qa8 35. Rxa7 Qxa7 36. g4 Qa8 37. Bd3 h5 38. h3 hxg4 39. hxg4 Nf6 40. Qc2 Qa3 41. b5 Bb7 42. Bc1 Qb4 43. Bd2 Qa3 44. Bc1 1/2-1/2

[Event "BUL-ch sf 76th"]
[Site "Plovdiv"]
[Date "2012.02.07"]
[Round "3"]
[White "Andreev, Sasho"]
[Black "Ibryamov, Ilhan"]
[Result "1/2-1/2"]
[WhiteElo "2201"]
[BlackElo "2115"]
[PlyCount "80"]
[EventDate "2012.02.06"]
[EventType "swiss"]
[EventRounds "9"]
[EventCountry "BUL"]
[SourceTitle "CBM 146 Extra"]
[Source "ChessBase"]
[SourceDate "2012.02.29"]
[SourceVersion "1"]
[SourceVersionDate "2012.02.29"]
[SourceQuality "1"]

1. d4 d5 2. c4 e6 3. Nf3 Nf6 4. e3 Be7 5. Bd3 0-0 6. 0-0 dxc4 7. Bxc4 b6 8. Qe2 Bb7 9. Rd1 Nbd7 10. Nc3 Ne4 11. Bd3 Ndf6 12. Ne5 Nxc3 13. bxc3 Bd6 14. f3 Be7 15. Nc4 Nd5 16. Bd2 c5 17. dxc5 Bxc5 18. Kh1 Qf6 19. Qe1 Rfd8 20. Bf1 Rac8 21. Rab1 Bc6 22. e4 Nf4 23. Be3 Bxe3 24. Qxe3 Ba4 25. Rxd8+ Rxd8 26. Nb2 Bc6 27. Rd1 e5 28. Rxd8+ Qxd8 29. Kg1 Ne6 30. Nd3 Qd6 31. Nb4 Nc5 32. Bc4 h6 33. g3 a5 34. Nxc6 Qxc6 35. Bd5 Qa4 36. Qd2 Qb5 37. Kf2 Kf8 38. Bc4 Qd7 39. Bd5 Ke7 40. Kg2 Qb5 1/2-1/2

[Event "Plovdiv Tringov Memorial 34th"]
[Site "Plovdiv"]
[Date "2012.02.02"]
[Round "6"]
[White "Arsovic, Goran"]
[Black "Andreev, Sasho"]
[Result "1/2-1/2"]
[WhiteElo "2422"]
[BlackElo "2201"]
[PlyCount "128"]
[EventDate "2012.01.29"]
[EventType "swiss"]
[EventRounds "9"]
[EventCountry "BUL"]
[SourceTitle "CBM 146 Extra"]
[Source "ChessBase"]
[SourceDate "2012.02.29"]
[SourceVersion "1"]
[SourceVersionDate "2012.02.29"]
[SourceQuality "1"]

1. d4 d5 2. Nf3 Nf6 3. c4 c6 4. e3 Bf5 5. Nc3 e6 6. Nh4 Be4 7. f3 Bg6 8. Qb3 Qc7 9. Bd2 Nbd7 10. cxd5 exd5 11. Nxg6 hxg6 12. 0-0-0 Bd6 13. h3 0-0 14. Kb1 Rfe8 15. Bd3 Qb6 16. Qxb6 axb6 17. e4 dxe4 18. fxe4 Bb4 19. Rhe1 b5 20. a3 Ba5 21. g4 Nf8 22. g5 N6d7 23. h4 Ne6 24. Ne2 Bxd2 25. Rxd2 Nb6 26. Bc2 Nc4 27. Rd3 Nc7 28. Ng3 Rad8 29. Red1 Ne6 30. Bb3 Rd7 31. a4 Red8 32. axb5 cxb5 33. d5 Nf4 34. Rd4 Ne6 35. R4d3 Nf4 36. Rc3 Ng2 37. Bxc4 bxc4 38. Rd2 Nxh4 39. Rh2 Nf5 40. exf5 Rxd5 41. fxg6 Rxg5 42. Ne4 Rxg6 43. Rch3 Kf8 44. Rh8+ Ke7 45. Rxd8 Kxd8 46. Kc2 f5 47. Nd2 b5 48. Rh5 Rf6 49. Kc3 Kc7 50. Rg5 g6 51. Nf3 Kb6 52. Ne5 Re6 53. Nxg6 Re3+ 54. Kd2 Rh3 55. Nf4 Rh2+ 56. Kc3 b4+ 57. Kxc4 Rxb2 58. Nd5+ Kc6 59. Nxb4+ Kd6 60. Rxf5 Rh2 61. Nd3 Rc2+ 62. Kd4 Ra2 63. Rf6+ Ke7 64. Rb6 Rd2 1/2-1/2

[Event "Sunny Beach op 10th"]
[Site "Sunny Beach"]
[Date "2011.09.04"]
[Round "9"]
[White "Tichy, Stepan"]
[Black "Andreev, Sasho"]
[Result "1-0"]
[WhiteElo "2093"]
[BlackElo "2255"]
[PlyCount "43"]
[EventDate "2011.08.27"]
[EventType "swiss"]
[EventRounds "9"]
[EventCountry "BUL"]
[SourceTitle "CBM 144 Extra"]
[Source "ChessBase"]
[SourceDate "2011.10.28"]
[SourceVersion "1"]
[SourceVersionDate "2011.10.28"]
[SourceQuality "1"]

1. c4 e6 2. Nc3 Nf6 3. g3 d5 4. cxd5 exd5 5. d4 Bd6 6. Bg2 c6 7. Nf3 0-0 8. 0-0 Re8 9. a3 h6 10. b4 Bf5 11. b5 Ne4 12. bxc6 bxc6 13. Nxe4 Bxe4 14. Ne1 Bh7 15. Nd3 Qb6 16. Be3 Nd7 17. Qa4 Qb5 18. Qxb5 cxb5 19. Bxd5 Rac8 20. Rfb1 Nf6 21. Bf3 a6 22. Bb7 1-0

[Event "Sunny Beach op 10th"]
[Site "Sunny Beach"]
[Date "2011.09.03"]
[Round "8"]
[White "Andreev, Sasho"]
[Black "Koepke, Christian"]
[Result "0-1"]
[WhiteElo "2255"]
[BlackElo "2410"]
[PlyCount "40"]
[EventDate "2011.08.27"]
[EventType "swiss"]
[EventRounds "9"]
[EventCountry "BUL"]
[SourceTitle "CBM 144 Extra"]
[Source "ChessBase"]
[SourceDate "2011.10.28"]
[SourceVersion "1"]
[SourceVersionDate "2011.10.28"]
[SourceQuality "1"]

1. d4 Nf6 2. Bg5 Ne4 3. Bf4 c5 4. f3 Nf6 5. d5 Nh5 6. Be3 d6 7. Bf2 g6 8. e4 Bg7 9. c3 0-0 10. Nd2 Nd7 11. g3 Rb8 12. a4 b6 13. Be2 Nhf6 14. Kf1 e6 15. c4 a6 16. f4 exd5 17. exd5 Re8 18. Qc2 b5 19. Ra2 bxc4 20. Bxc4 Nb6 0-1

[Event "Sunny Beach op 10th"]
[Site "Sunny Beach"]
[Date "2011.09.02"]
[Round "7"]
[White "Fish, Gennadij"]
[Black "Andreev, Sasho"]
[Result "1/2-1/2"]
[WhiteElo "2492"]
[BlackElo "2255"]
[PlyCount "69"]
[EventDate "2011.08.27"]
[EventType "swiss"]
[EventRounds "9"]
[EventCountry "BUL"]
[SourceTitle "CBM 144 Extra"]
[Source "ChessBase"]
[SourceDate "2011.10.28"]
[SourceVersion "1"]
[SourceVersionDate "2011.10.28"]
[SourceQuality "1"]

1. d4 Nf6 2. c4 e6 3. Nc3 Bb4 4. g3 0-0 5. Bg2 c5 6. Nf3 cxd4 7. Nxd4 Nc6 8. 0-0 Ne5 9. Qa4 Qe7 10. Nc2 Bxc3 11. bxc3 d6 12. Ba3 Nfd7 13. f4 Nb6 14. Qb3 Nexc4 15. Rfd1 Bd7 16. Bc1 Ba4 17. Qb1 d5 18. Rd3 Qc5+ 19. Ne3 Rfc8 20. Qb4 Qxb4 21. cxb4 Nxe3 22. Bxe3 Bb5 23. Rd2 Nc4 24. Rd3 Nxe3 25. Rxe3 Rc4 26. f5 Bd7 27. fxe6 fxe6 28. Bh3 Re8 29. a3 Kf7 30. Bg2 Rc7 31. Rf1+ Kg8 32. Bh3 Ra8 33. Re5 Rc3 34. Rf3 Rc1+ 35. Kf2 1/2-1/2

[Event "Balkan-ch U18"]
[Site "Pljevlja"]
[Date "2011.07.09"]
[Round "8"]
[White "Lukovic, Vladimir"]
[Black "Andreev, Sasho"]
[Result "1-0"]
[WhiteElo "2225"]
[BlackElo "2255"]
[PlyCount "65"]
[EventDate "2011.07.02"]
[EventType "tourn"]
[EventRounds "9"]
[EventCountry "MNE"]
[SourceTitle "CBM 143 Extra"]
[Source "ChessBase"]
[SourceDate "2011.08.29"]
[SourceVersion "1"]
[SourceVersionDate "2011.08.29"]
[SourceQuality "1"]

1. e4 c5 2. Nf3 e6 3. d4 cxd4 4. Nxd4 Nf6 5. Bd3 Nc6 6. Nxc6 bxc6 7. 0-0 Qc7 8. Be3 e5 9. c4 Rb8 10. c5 Rxb2 11. Nd2 Rb8 12. Qf3 Be7 13. Nc4 Rb4 14. Bd2 Bxc5 15. Bxb4 Bxb4 16. Rab1 Bc3 17. Rfc1 Bd4 18. Ne3 0-0 19. Nf5 Bb6 20. Bc4 d5 21. Bxd5 Nxd5 22. exd5 Bxf5 23. Qxf5 c5 24. a4 Qd6 25. Qe4 f5 26. Qc4 Rd8 27. Rb5 Qxd5 28. Qxd5+ Rxd5 29. a5 Bc7 30. Rbxc5 Rxc5 31. Rxc5 Bd6 32. Rc6 Bb4 33. Rc8+ 1-0

[Event "Balkan-ch U18"]
[Site "Pljevlja"]
[Date "2011.07.04"]
[Round "3"]
[White "Kisic, Bozidar"]
[Black "Andreev, Sasho"]
[Result "0-1"]
[WhiteElo "1919"]
[BlackElo "2255"]
[PlyCount "108"]
[EventDate "2011.07.02"]
[EventType "tourn"]
[EventRounds "9"]
[EventCountry "MNE"]
[SourceTitle "CBM 143 Extra"]
[Source "ChessBase"]
[SourceDate "2011.08.29"]
[SourceVersion "1"]
[SourceVersionDate "2011.08.29"]
[SourceQuality "1"]

1. d4 e6 2. c4 Nf6 3. Nc3 Bb4 4. a3 Bxc3+ 5. bxc3 d6 6. f3 c5 7. e4 Nc6 8. Be3 b6 9. Bd3 Qc7 10. Ne2 Na5 11. 0-0 Ba6 12. d5 0-0-0 13. dxe6 fxe6 14. Bg5 Rde8 15. f4 Bxc4 16. Bxc4 Nxc4 17. Qd3 Na5 18. c4 Nd7 19. Nc3 a6 20. Rad1 Rhg8 21. Bh4 h6 22. Bg3 Nc6 23. Qxd6 Nd4 24. Qxc7+ Kxc7 25. Bf2 Nc6 26. Rc1 Rgf8 27. Be3 Na5 28. Ne2 Nf6 29. e5 Ng4 30. Rf3 Nxe3 31. Rxe3 Rf7 32. g3 Rd8 33. Kg2 Kc6 34. a4 Rd2 35. Kf3 Rfd7 36. g4 g6 37. h4 Ra2 38. Nc3 Ra3 39. Ne4 Rdd3 40. Rxd3 Rxd3+ 41. Kf2 Rd4 42. Nd6 Rxf4+ 43. Kg3 g5 44. h5 Nb3 45. Rc2 Nd4 46. Rf2 Rxf2 47. Kxf2 b5 48. axb5+ axb5 49. cxb5+ Nxb5 50. Nf7 Kd5 51. Nxh6 Kxe5 52. Ng8 Nd6 53. Ke3 Nf7 54. h6 Nxh6 0-1

[Event "Balkan-ch U18"]
[Site "Pljevlja"]
[Date "2011.07.03"]
[Round "2"]
[White "Andreev, Sasho"]
[Black "Stanciu, Alexandru Ovidiu"]
[Result "1-0"]
[WhiteElo "2255"]
[BlackElo "2369"]
[PlyCount "115"]
[EventDate "2011.07.02"]
[EventType "tourn"]
[EventRounds "9"]
[EventCountry "MNE"]
[SourceTitle "CBM 143 Extra"]
[Source "ChessBase"]
[SourceDate "2011.08.29"]
[SourceVersion "1"]
[SourceVersionDate "2011.08.29"]
[SourceQuality "1"]

1. d4 Nf6 2. c4 g6 3. Nc3 d5 4. cxd5 Nxd5 5. e4 Nxc3 6. bxc3 Bg7 7. Bc4 0-0 8. Ne2 c5 9. 0-0 Nc6 10. Be3 Bd7 11. Rb1 Na5 12. Bd3 Rc8 13. dxc5 Qc7 14. Nd4 Rfd8 15. Qc2 Qb8 16. Nb3 Nc6 17. f4 e6 18. Nd4 Ne7 19. Nf3 Qc7 20. Rfc1 Bh6 21. g3 Bc6 22. Bd4 Bg7 23. Qe2 Be8 24. Bf2 Nc6 25. Kg2 Rd7 26. Bb5 Rcd8 27. h4 Re7 28. h5 e5 29. f5 gxf5 30. Nh4 a6 31. Bc4 Bd7 32. Rd1 fxe4 33. Qxe4 Kh8 34. h6 Bxh6 35. Rh1 Na5 36. Bd5 f5 37. Nxf5 Bxf5 38. Qxf5 Qd7 39. Qf6+ Rg7 40. Be4 Bg5 41. Rxh7+ Kg8 42. Rxg7+ Qxg7 43. Qe6+ Qf7 44. Qg4 Qg7 45. Rb6 Nc6 46. Qe6+ Kf8 47. Qf5+ Ke8 48. Qg6+ Qxg6 49. Bxg6+ Kd7 50. Rxb7+ Kc8 51. Rb6 Nb8 52. Bf5+ Kc7 53. Rg6 Be7 54. Re6 Bf8 55. Be3 Nd7 56. Be4 a5 57. Ra6 a4 58. Ra7+ 1-0

[Event "BUL-ch sf 75th"]
[Site "Plovdiv"]
[Date "2011.02.08"]
[Round "3"]
[White "Andreev, Sasho"]
[Black "Filev, Georgi"]
[Result "1/2-1/2"]
[WhiteElo "2228"]
[BlackElo "2367"]
[PlyCount "41"]
[EventDate "2011.02.07"]
[EventType "swiss"]
[EventRounds "9"]
[EventCountry "BUL"]
[SourceTitle "CBM 140 Extra"]
[Source "ChessBase"]
[SourceDate "2011.03.01"]
[SourceVersion "1"]
[SourceVersionDate "2011.03.01"]
[SourceQuality "1"]

1. d4 d5 2. c4 c6 3. Nf3 Nf6 4. e3 e6 5. Bd3 Nbd7 6. 0-0 Bd6 7. Nbd2 0-0 8. h3 e5 9. cxd5 cxd5 10. dxe5 Nxe5 11. Nxe5 Bxe5 12. Nf3 Bd6 13. b3 Ne4 14. Bb2 Bf5 15. Bc2 Bc5 16. b4 Bb6 17. Bb3 Be6 18. Bd4 Bc7 19. Be5 Bb6 20. Bd4 Bc7 21. Be5 1/2-1/2

[Event "Wch U16"]
[Site "Porto Carras"]
[Date "2010.10.27"]
[Round "8"]
[White "Andreev, Sasho"]
[Black "Liu, Chang"]
[Result "0-1"]
[WhiteElo "2254"]
[BlackElo "2162"]
[PlyCount "92"]
[EventDate "2010.10.20"]
[EventType "swiss"]
[EventRounds "11"]
[EventCountry "GRE"]
[SourceTitle "EXT 2011"]
[Source "ChessBase"]
[SourceDate "2010.11.26"]
[SourceVersion "1"]
[SourceVersionDate "2010.11.26"]
[SourceQuality "1"]

1. d4 Nf6 2. c4 e6 3. Nf3 d5 4. Nc3 c6 5. Bg5 Nbd7 6. e3 Be7 7. Qc2 0-0 8. a3 b6 9. cxd5 cxd5 10. Bd3 Bb7 11. 0-0 a6 12. Ne5 h6 13. Bxf6 Nxf6 14. f4 Rc8 15. Qe2 b5 16. a4 b4 17. Nb1 a5 18. Nd2 Nd7 19. Nxd7 Qxd7 20. Nb3 Qd8 21. g4 Qb6 22. g5 g6 23. h4 Kg7 24. gxh6+ Kxh6 25. Rf3 Rh8 26. h5 gxh5 27. Kh1 Rcg8 28. Rh3 h4 29. f5 exf5 30. Rf1 Bc8 31. Qf3 Qg6 32. Nxa5 Rh7 33. Qxd5 Rhg7 34. Nc4 Be6 35. Qf3 Qg2+ 36. Qxg2 Rxg2 37. Nb6 f4 38. Rhf3 fxe3 39. Rxe3 Bd8 40. a5 Rxb2 41. Bc4 Rgg2 42. Rff3 Rh2+ 43. Kg1 Bxb6 44. Bxe6 Bxd4 45. a6 fxe6 46. a7 Bxa7 0-1

[Event "Wch U16"]
[Site "Porto Carras"]
[Date "2010.10.24"]
[Round "5"]
[White "Orujov, Shujaat Ismiali"]
[Black "Andreev, Sasho"]
[Result "1/2-1/2"]
[WhiteElo "2098"]
[BlackElo "2254"]
[PlyCount "62"]
[EventDate "2010.10.20"]
[EventType "swiss"]
[EventRounds "11"]
[EventCountry "GRE"]
[SourceTitle "EXT 2011"]
[Source "ChessBase"]
[SourceDate "2010.11.26"]
[SourceVersion "1"]
[SourceVersionDate "2010.11.26"]
[SourceQuality "1"]

1. e4 c5 2. Nf3 e6 3. d4 cxd4 4. Nxd4 Nf6 5. Nc3 d6 6. Be2 Be7 7. Be3 Nc6 8. 0-0 0-0 9. f4 e5 10. Nb3 exf4 11. Bxf4 Qb6+ 12. Kh1 Ne5 13. Qd2 Be6 14. Nd4 Rac8 15. Rab1 Rfe8 16. Bg5 Qd8 17. Rbd1 Nc4 18. Bxc4 Bxc4 19. Rf3 d5 20. Nf5 dxe4 21. Nxe7+ Qxe7 22. Bxf6 gxf6 23. Rg3+ Kh8 24. Qh6 Rg8 25. Nxe4 Rg6 26. Qh4 Be6 27. Rxg6 fxg6 28. Nxf6 Rf8 29. Rf1 Bf5 30. g4 Bxg4 31. Qxg4 Rxf6 1/2-1/2

[Event "Sofia Asenova&Ivanova Memorial"]
[Site "Sofia"]
[Date "2010.04.27"]
[Round "9"]
[White "Andreev, Sasho"]
[Black "Spassov, Liuben"]
[Result "1/2-1/2"]
[WhiteElo "2187"]
[BlackElo "2418"]
[PlyCount "61"]
[EventDate "2010.04.21"]
[EventType "swiss"]
[EventRounds "9"]
[EventCountry "BUL"]
[SourceTitle "CBM 135 Extra"]
[Source "ChessBase"]
[SourceDate "2010.05.04"]
[SourceVersion "1"]
[SourceVersionDate "2010.05.04"]
[SourceQuality "1"]

1. d4 Nf6 2. c4 e6 3. Nf3 Bb4+ 4. Bd2 a5 5. a3 Bxd2+ 6. Qxd2 d6 7. Nc3 Nbd7 8. e3 0-0 9. Bd3 Re8 10. 0-0 h6 11. Qc2 c6 12. Rad1 Qe7 13. Rfe1 e5 14. Bf1 Nf8 15. c5 exd4 16. cxd6 Qxd6 17. Rxd4 Qe7 18. Red1 Be6 19. Na4 N8d7 20. Nh4 b5 21. Nc3 Nc5 22. Nf5 Qa7 23. Nd6 Reb8 24. Nce4 Nfxe4 25. Nxe4 Nxe4 26. Qxe4 c5 27. Rd6 c4 28. a4 Qc5 29. Rc6 Qb4 30. axb5 Qxb5 31. Bxc4 1/2-1/2

[Event "Sofia Asenova&Ivanova Memorial"]
[Site "Sofia"]
[Date "2010.04.22"]
[Round "2"]
[White "Drenchev, Petar"]
[Black "Andreev, Sasho"]
[Result "1-0"]
[WhiteElo "2486"]
[BlackElo "2187"]
[PlyCount "49"]
[EventDate "2010.04.21"]
[EventType "swiss"]
[EventRounds "9"]
[EventCountry "BUL"]
[SourceTitle "CBM 135 Extra"]
[Source "ChessBase"]
[SourceDate "2010.05.04"]
[SourceVersion "1"]
[SourceVersionDate "2010.05.04"]
[SourceQuality "1"]

1. e4 c5 2. Nf3 e6 3. d4 cxd4 4. Nxd4 Nf6 5. Nc3 d6 6. Be3 Be7 7. Be2 0-0 8. 0-0 Nc6 9. f4 e5 10. Nb3 exf4 11. Bxf4 Be6 12. Kh1 Rc8 13. Qe1 Ne5 14. Rd1 Qb6 15. Qg3 Nc4 16. Bh6 Ne8 17. Nd5 Bxd5 18. Rxd5 Kh8 19. Qh3 Qd8 20. Bg4 Rc7 21. Rh5 Kg8 22. Bxg7 Nxg7 23. Bf5 f6 24. Rxh7 Nxf5 25. Qh5 1-0